00474pab a2200157 454500008004000000100001500040245005500055260000900110300001300119362001100132650002600143773001500169909001000184999001700194952010500211180718b2005 xxu||||| |||| 00| 0 eng d aGeorge, J. aTrading in utility of intellectual property rights c2005 ap.24-26. a19 Mar aIntellectual property aMainstream a64510 c64510d64510 00104070aIIPAbIIPAd2018-07-19hVolume no: 43, Issue no: 13pAR64962r2018-07-19w2018-07-19yAR